[Event "Turkey Cup 2019"]
[Site "Belek"]
[Date "2019.01.30"]
[Round "5.55"]
[White "Bayik, Hasan"]
[Black "Ince, Taylan Ruzgar"]
[Result "0-1"]
[WhiteElo "1825"]
[BlackElo "1544"]
[Annotator "NA RC"]
[PlyCount "73"]
[EventDate "2019.01.27"]
[EventType "swiss"]
[EventCountry "TUR"]
[SourceTitle "playchess.com"]
[Source "ChessBase"]
[SourceQuality "1"]

1. d4 Nf6 2. c4 g6 3. Nc3 d5 4. cxd5 Nxd5 5. e4 Nxc3 6. bxc3 Bg7 7. Be3 c5 8. Nf3 Nc6 9. Rc1 Qa5 10. Qd2 O-O 11. d5 Rd8 12. Bd3 c4 13. Bxc4 Bg4 14. Nd4 Ne5 15. Bb3 Qa6 16. c4 Rac8 17. h3 Bd7 18. Qc3 b5 19. O-O Nxc4 20. Qb4 Qd6 21. Qxd6 Nxd6 22. f3 a5 23. Kf2 a4 24. Bc2 Rc4 25. Bd3 Rxd4 26. Bxd4 Bxd4+ 27. Ke2 b4 28. Rb1 Rb8 29. Rfc1 b3 30. axb3 axb3 31. Rc7 Ba4 32. Rxe7 b2 33. e5 Nf5 34. Rc7 Bb3 35. Bxf5 gxf5 36. Kd3 Bxe5 37. Ra7 0-1

[Event "Turkey Cup 2019"]
[Site "Belek"]
[Date "2019.01.30"]
[Round "5.56"]
[White "Esti, Kubra Selenay"]
[Black "Okus, Melih"]
[Result "0-1"]
[WhiteElo "1662"]
[BlackElo "2073"]
[Annotator "NA RC"]
[PlyCount "64"]
[EventDate "2019.01.27"]
[EventType "swiss"]
[EventCountry "TUR"]
[SourceTitle "playchess.com"]
[Source "ChessBase"]
[SourceQuality "1"]

1. e4 c6 2. Nc3 d5 3. d3 d4 4. Nce2 e5 5. g3 Qa5+ 6. Bd2 Qb6 7. Qc1 Nf6 8. Bg2 Bb4 9. Nf3 Bxd2+ 10. Nxd2 Be6 11. O-O Nfd7 12. Nf3 c5 13. Qg5 Nc6 14. b3 O-O 15. Nh4 Qd8 16. Qd2 Qf6 17. f4 Qh6 18. Nf3 f6 19. a4 b6 20. Qe1 a6 21. Qf2 Nb4 22. Ne1 b5 23. f5 Bf7 24. c3 Nc6 25. b4 dxc3 26. bxc5 b4 27. d4 exd4 28. Nxd4 Nce5 29. Ndf3 Ng4 30. Qd4 Nde5 31. Nh4 Rab8 32. Rf4 Rfd8 0-1

[Event "Turkey Cup 2019"]
[Site "Belek"]
[Date "2019.01.30"]
[Round "5.57"]
[White "Tolon, Adman Devran"]
[Black "Percin, Onder"]
[Result "0-1"]
[WhiteElo "1761"]
[BlackElo "2084"]
[Annotator "NA RC"]
[PlyCount "66"]
[EventDate "2019.01.27"]
[EventType "swiss"]
[EventCountry "TUR"]
[SourceTitle "playchess.com"]
[Source "ChessBase"]
[SourceQuality "1"]

1. e4 e5 2. Bc4 Nc6 3. Nf3 Be7 4. c3 d6 5. h3 Nf6 6. d3 O-O 7. Nbd2 Na5 8. Bb5 a6 9. Ba4 b5 10. Bc2 c5 11. d4 cxd4 12. cxd4 Qc7 13. O-O Bd7 14. Re1 Nc6 15. dxe5 dxe5 16. Nf1 Rfd8 17. Qe2 Be6 18. b3 Bb4 19. Bd2 Nh5 20. Rad1 Bxd2 21. Rxd2 Nf4 22. Qe3 Rxd2 23. N1xd2 Nb4 24. Bb1 Rd8 25. a3 Nbd3 26. Rf1 f6 27. g3 Nxh3+ 28. Kg2 Nb2 29. Rh1 Qc8 30. Ne1 Nd1 31. Qe2 Nhxf2 32. Nef3 Bh3+ 33. Kh2 Ne3 0-1

[Event "Turkey Cup 2019"]
[Site "Belek"]
[Date "2019.01.30"]
[Round "5.58"]
[White "Araboga, Nizamettin"]
[Black "Baltaci, Ismail Tarik"]
[Result "0-1"]
[WhiteElo "1670"]
[BlackElo "2014"]
[Annotator "NA RC"]
[PlyCount "56"]
[EventDate "2019.01.27"]
[EventType "swiss"]
[EventCountry "TUR"]
[SourceTitle "playchess.com"]
[Source "ChessBase"]
[SourceQuality "1"]

1. d4 Nf6 2. g3 g6 3. Bg2 d5 4. Nf3 Bg7 5. O-O O-O 6. b3 c5 7. Bb2 Ne4 8. Nbd2 Nc6 9. Nxe4 dxe4 10. Ne5 Nxd4 11. Bxd4 cxd4 12. Nc4 f5 13. Qd2 Be6 14. Qb4 Qc7 15. Na3 a6 16. Rac1 Rac8 17. Rfd1 Qc5 18. Qa4 Rfd8 19. b4 Qc3 20. Qa5 Rd5 21. Qb6 Rd6 22. Qa5 Qc7 23. Qa4 b5 24. Nxb5 axb5 25. Qxb5 Bc4 26. Qa5 Qxa5 27. bxa5 Bxe2 28. Rd2 Bh6 0-1

[Event "Turkey Cup 2019"]
[Site "Belek"]
[Date "2019.01.30"]
[Round "5.59"]
[White "Kocyigit, Buse Naz"]
[Black "Fazla, Onder Zafer"]
[Result "1-0"]
[WhiteElo "2043"]
[BlackElo "1649"]
[Annotator "NA RC"]
[PlyCount "105"]
[EventDate "2019.01.27"]
[EventType "swiss"]
[EventCountry "TUR"]
[SourceTitle "playchess.com"]
[Source "ChessBase"]
[SourceQuality "1"]

1. d4 Nf6 2. Nf3 e6 3. c4 b6 4. g3 Ba6 5. Qc2 Bb4+ 6. Nbd2 O-O 7. Bg2 Bb7 8. O-O c5 9. dxc5 Bxc5 10. e4 d6 11. a3 a5 12. b3 Nc6 13. Bb2 e5 14. Bc3 Qd7 15. Qb2 Qg4 16. b4 axb4 17. axb4 Rxa1 18. Rxa1 Bxf2+ 19. Kxf2 Nxe4+ 20. Nxe4 Qxe4 21. Nxe5 Qf5+ 22. Nf3 Ne5 23. Bxe5 dxe5 24. Qxe5 Qc2+ 25. Qe2 Qc3 26. Ra7 Bc6 27. b5 Ba8 28. Re7 g6 29. Re8 Bxf3 30. Rxf8+ Kxf8 31. Bxf3 Qd4+ 32. Kg2 h5 33. Bd5 h4 34. Qf3 f5 35. Qa3+ Ke8 36. Qa8+ Ke7 37. Qb7+ Kd6 38. Qc6+ Ke7 39. Qxg6 h3+ 40. Kxh3 Qh8+ 41. Kg2 Qb2+ 42. Kf3 Qc3+ 43. Kf4 Qd4+ 44. Kxf5 Qf2+ 45. Kg4 Qe2+ 46. Kh3 Qf1+ 47. Kh4 Kd8 48. Qxb6+ Kd7 49. Bc6+ Ke7 50. Qe3+ Kd8 51. Qb6+ Ke7 52. Qc7+ Ke6 53. Bd5+ 1-0

[Event "Turkey Cup 2019"]
[Site "Belek"]
[Date "2019.01.30"]
[Round "5.60"]
[White "Erdal, Emre"]
[Black "Albayrak, Kerem"]
[Result "1-0"]
[WhiteElo "1615"]
[BlackElo "1949"]
[Annotator "NA RC"]
[PlyCount "65"]
[EventDate "2019.01.27"]
[EventType "swiss"]
[EventCountry "TUR"]
[SourceTitle "playchess.com"]
[Source "ChessBase"]
[SourceQuality "1"]

1. e4 c5 2. c3 Nf6 3. e5 Nd5 4. d4 cxd4 5. cxd4 d6 6. exd6 e6 7. Nc3 Nxc3 8. bxc3 Bxd6 9. Bd3 e5 10. Nf3 exd4 11. cxd4 Qe7+ 12. Be2 O-O 13. O-O Bf5 14. Be3 Nc6 15. Qb3 h6 16. a3 Rfd8 17. Rad1 Bxa3 18. d5 Qb4 19. Qa2 Ne7 20. Nd4 Bg6 21. Nb5 Qb2 22. Qxa3 Qxe2 23. Nc7 Nf5 24. Nxa8 Nh4 25. Rd2 Nf3+ 26. gxf3 Qxf3 27. Bc5 Qg4+ 28. Qg3 Qc4 29. Be7 Rc8 30. d6 Bf5 31. Bf6 g6 32. Qh4 Qe6 33. d7 1-0

[Event "Turkey Cup 2019"]
[Site "Belek"]
[Date "2019.01.30"]
[Round "5.61"]
[White "Avan, Olcay"]
[Black "Bilgin, Murat Evrensel"]
[Result "1/2-1/2"]
[WhiteElo "1617"]
[BlackElo "1898"]
[Annotator "NA RC"]
[PlyCount "122"]
[EventDate "2019.01.27"]
[EventType "swiss"]
[EventCountry "TUR"]
[SourceTitle "playchess.com"]
[Source "ChessBase"]
[SourceQuality "1"]

1. Nf3 Nf6 2. c4 g6 3. b3 Bg7 4. Bb2 O-O 5. g3 c6 6. Bg2 d5 7. O-O Bf5 8. d3 Qc8 9. Re1 Bh3 10. Bh1 Qf5 11. Nh4 Qh5 12. e3 Bg4 13. Bf3 g5 14. Bxg4 Nxg4 15. Bxg7 gxh4 16. h3 hxg3 17. Qxg4 Qxg4 18. hxg4 gxf2+ 19. Kxf2 Kxg7 20. Nc3 e6 21. Rh1 Nd7 22. d4 f5 23. g5 Rae8 24. Rh6 Rf7 25. Rah1 Nf8 26. Ne2 Ree7 27. Nf4 Kg8 28. Nh5 Kh8 29. Kg3 dxc4 30. bxc4 e5 31. d5 cxd5 32. cxd5 f4+ 33. Kf2 Rf5 34. Rf6 fxe3+ 35. Kxe3 Rf7 36. Rxf7 Rxf7 37. Nf6 Kg7 38. Ke4 b5 39. Kxe5 a5 40. d6 Rb7 41. Rd1 b4 42. d7 Rb5+ 43. Kd6 Nxd7 44. Nxd7 a4 45. Nc5 b3 46. axb3 axb3 47. Kc6 Rb4 48. Rb1 b2 49. Kd5 Kg6 50. Nd3 Rb3 51. Kc4 Rb8 52. Rxb2 Rxb2 53. Nxb2 Kxg5 54. Kd4 Kg4 55. Ke3 Kg3 56. Ke2 Kg2 57. Nc4 h5 58. Ne3+ Kg3 59. Kf1 h4 60. Nf5+ Kg4 61. Nxh4 Kxh4 1/2-1/2

[Event "Turkey Cup 2019"]
[Site "Belek"]
[Date "2019.01.30"]
[Round "5.62"]
[White "Ozkurt, Kutay"]
[Black "Kirali, Mehmet"]
[Result "0-1"]
[WhiteElo "1586"]
[BlackElo "1890"]
[Annotator "NA RC"]
[PlyCount "118"]
[EventDate "2019.01.27"]
[EventType "swiss"]
[EventCountry "TUR"]
[SourceTitle "playchess.com"]
[Source "ChessBase"]
[SourceQuality "1"]

1. e4 Nc6 2. Nf3 e5 3. Bb5 Nf6 4. Qe2 a6 5. Bxc6 dxc6 6. Nxe5 Qd4 7. Nf3 Qxe4 8. Qxe4+ Nxe4 9. O-O Nd6 10. d3 Be7 11. Re1 Bg4 12. Ne5 Be6 13. Nf3 h6 14. Bf4 Bf6 15. Nc3 O-O-O 16. Bxd6 cxd6 17. h3 Rhe8 18. a4 a5 19. Rab1 g6 20. d4 Bf5 21. Rec1 g5 22. b4 g4 23. hxg4 Bxg4 24. Rd1 Kc7 25. Rb3 d5 26. Kf1 h5 27. bxa5 Ra8 28. Rdb1 Bc8 29. Re1 Rxe1+ 30. Kxe1 Rxa5 31. Kd2 Bf5 32. Rb2 Ra8 33. Rb1 Rg8 34. g3 Rg4 35. Ne2 Be4 36. Ne5 Bxe5 37. dxe5 h4 38. gxh4 Rxh4 39. Rg1 Rh2 40. Ke3 Bxc2 41. Rg7 Rh7 42. Rxh7 Bxh7 43. Kd4 b6 44. f4 Bc2 45. a5 bxa5 46. Kc5 a4 47. Nd4 Bd1 48. Kb4 Kb6 49. Nf5 c5+ 50. Ka3 d4 51. Nd6 Bb3 52. f5 Kc6 53. Ne4 Bd5 54. Nd2 Kb5 55. f6 c4 56. Nf3 d3 57. Nd4+ Kc5 58. e6 d2 59. exf7 Bxf7 0-1

[Event "Turkey Cup 2019"]
[Site "Belek"]
[Date "2019.01.30"]
[Round "5.63"]
[White "Aysoy, Veysi"]
[Black "Yalcindag, Hakan"]
[Result "1-0"]
[WhiteElo "1933"]
[BlackElo "1417"]
[Annotator "NA RC"]
[PlyCount "116"]
[EventDate "2019.01.27"]
[EventType "swiss"]
[EventCountry "TUR"]
[SourceTitle "playchess.com"]
[Source "ChessBase"]
[SourceQuality "1"]

1. Nf3 d5 2. d4 Nf6 3. c4 e6 4. Bg5 Be7 5. e3 O-O 6. Nc3 h6 7. Bh4 b6 8. Rc1 Bb7 9. Bd3 Nbd7 10. O-O c5 11. Ne5 Rc8 12. b3 Nxe5 13. dxe5 Ne4 14. Bxe4 dxe4 15. Bxe7 Qxe7 16. Qg4 Qc7 17. Qg3 Bc6 18. Rcd1 Rfd8 19. Rd6 Rd7 20. Rfd1 Rcd8 21. h4 a6 22. a4 Qb7 23. Ne2 Rxd6 24. exd6 b5 25. cxb5 axb5 26. a5 Bd5 27. Rc1 c4 28. b4 f6 29. Nd4 e5 30. Nf5 Be6 31. Nxh6+ Kh7 32. h5 Rxd6 33. Qg6+ Kh8 34. Qe8+ Kh7 35. Qg6+ Kh8 36. Nf5 Bxf5 37. Qxf5 Qd7 38. Qg6 f5 39. Qg5 Rf6 40. Qg3 Qd6 41. Ra1 c3 42. f3 Qxb4 43. a6 Qb2 44. Qe1 exf3 45. gxf3 Rf8 46. a7 Ra8 47. h6 gxh6 48. Kh1 Qd2 49. Qh4 Qxe3 50. Qf6+ Kh7 51. Qxf5+ Kh8 52. Qf6+ Kh7 53. Qf7+ Kh8 54. Qb7 Rxa7 55. Qb8+ Kg7 56. Rxa7+ Kf6 57. Qd8+ Kg6 58. Ra6+ Kh5 1-0

[Event "Turkey Cup 2019"]
[Site "Belek"]
[Date "2019.01.30"]
[Round "5.65"]
[White "Kiyagan, Erhan"]
[Black "Bek, Emir"]
[Result "0-1"]
[WhiteElo "1714"]
[BlackElo "1844"]
[Annotator "NA RC"]
[PlyCount "162"]
[EventDate "2019.01.27"]
[EventType "swiss"]
[EventCountry "TUR"]
[SourceTitle "playchess.com"]
[Source "ChessBase"]
[SourceQuality "1"]

1. e4 e6 2. d4 d5 3. exd5 exd5 4. Nf3 Bd6 5. Be2 Ne7 6. O-O O-O 7. b3 c6 8. c4 Re8 9. Nc3 f6 10. Re1 Be6 11. Bd3 Bf7 12. Qc2 g6 13. Bh6 Na6 14. a3 Kh8 15. c5 Ng8 16. Bd2 Bf8 17. Bxa6 bxa6 18. Qd3 Qc8 19. Na2 g5 20. Rxe8 Bxe8 21. Re1 Bg6 22. Qe2 Rb8 23. b4 Qb7 24. Nc3 h6 25. h4 g4 26. Nh2 h5 27. Nf1 Re8 28. Qd1 Rxe1 29. Qxe1 Qe7 30. Qxe7 Bxe7 31. Bf4 Bd3 32. a4 f5 33. b5 axb5 34. axb5 cxb5 35. Nxd5 a5 36. c6 b4 37. Nb6 Nf6 38. c7 Ba6 39. c8=Q+ Bxc8 40. Nxc8 Nd5 41. Be5+ Kg8 42. Nxe7+ Nxe7 43. Nd2 a4 44. Bd6 Nd5 45. Kf1 Kf7 46. Ke2 Ke6 47. Bc5 Nf4+ 48. Kf1 b3 49. g3 Nd3 50. Ba3 Kd5 51. Ke2 Kxd4 52. f3 gxf3+ 53. Kxf3 Kc3 54. Ke3 b2 55. Nb1+ Kc2 56. Nd2 Ne5 57. Ke2 Nc4 58. Bxb2 Nxd2 59. Ba3 Nc4 60. Be7 Kc3 61. Kf3 Nb6 62. Bf6+ Kd3 63. Ba1 Nd5 64. Bb2 Kc2 65. Ba3 Kb3 66. Bc5 a3 67. Bxa3 Kxa3 68. Ke2 Kb4 69. Kd3 Kc5 70. Ke2 Kd4 71. Kf3 Kd3 72. Kf2 Ke4 73. Ke2 Nf6 74. Kf2 Ng4+ 75. Ke2 Ne5 76. Kf2 Kd3 77. Kf1 Ke3 78. Kg2 Ke2 79. Kg1 Kf3 80. Kh2 Kf2 81. Kh3 Nf3 0-1

[Event "Turkey Cup 2019"]
[Site "Belek"]
[Date "2019.01.30"]
[Round "5.66"]
[White "Kilic, Cihan"]
[Black "Erim, Engin"]
[Result "1-0"]
[WhiteElo "1886"]
[BlackElo "1615"]
[Annotator "NA RC"]
[PlyCount "65"]
[EventDate "2019.01.27"]
[EventType "swiss"]
[EventCountry "TUR"]
[SourceTitle "playchess.com"]
[Source "ChessBase"]
[SourceQuality "1"]

1. d4 Nf6 2. c4 c5 3. d5 e6 4. Nc3 exd5 5. cxd5 d6 6. e4 g6 7. f4 Bg7 8. Nf3 Bg4 9. Bd3 O-O 10. O-O Re8 11. h3 Bxf3 12. Qxf3 Na6 13. Be3 Nc7 14. Rae1 Rb8 15. g4 b5 16. h4 b4 17. Nd1 Nd7 18. g5 Nb5 19. h5 Nd4 20. Qh3 b3 21. a3 Nc2 22. Re2 Nxe3 23. Nxe3 Bd4 24. Kh1 Re7 25. Ng4 Qe8 26. e5 dxe5 27. Nf6+ Nxf6 28. gxf6 e4 29. fxe7 exd3 30. Qxd3 f5 31. d6 g5 32. Qxf5 Qxh5+ 33. Rh2 1-0

[Event "Turkey Cup 2019"]
[Site "Belek"]
[Date "2019.01.30"]
[Round "5.67"]
[White "Gok, Muhsin"]
[Black "Gonullu, Muhammed Sinan"]
[Result "0-1"]
[WhiteElo "1730"]
[BlackElo "1815"]
[Annotator "NA RC"]
[PlyCount "100"]
[EventDate "2019.01.27"]
[EventType "swiss"]
[EventCountry "TUR"]
[SourceTitle "playchess.com"]
[Source "ChessBase"]
[SourceQuality "1"]

1. e4 c5 2. Nf3 g6 3. d4 cxd4 4. Qxd4 Nf6 5. Bd3 Nc6 6. Qa4 Bg7 7. O-O O-O 8. c4 d6 9. Nc3 Nd7 10. Be3 Nc5 11. Bxc5 dxc5 12. Be2 Nd4 13. Qd1 Bd7 14. Bd3 Qa5 15. Nd2 e6 16. f4 Rad8 17. Qb1 f5 18. exf5 exf5 19. Nf3 Nxf3+ 20. Rxf3 Bxc3 21. bxc3 Bc6 22. Rg3 Qxc3 23. Kh1 Qf6 24. Qf1 Rfe8 25. Rb1 Re7 26. Rg5 Kh8 27. Be2 Rde8 28. Bd3 Qe6 29. h4 h6 30. Rg3 Qf6 31. Kg1 Re3 32. Qf2 Qd4 33. Rxe3 Rxe3 34. Bf1 Re4 35. Qxd4+ Rxd4 36. g3 Kg7 37. Bg2 Bxg2 38. Kxg2 b6 39. a4 Rxc4 40. a5 Rb4 41. Rd1 Rd4 42. Rb1 Rd6 43. Kf2 Kf7 44. Rb3 h5 45. Ke3 Ke7 46. a6 Kd7 47. Ke2 Kc6 48. Kf2 b5 49. Ra3 Kb6 50. Ke2 b4 0-1

[Event "Turkey Cup 2019"]
[Site "Belek"]
[Date "2019.01.30"]
[Round "5.68"]
[White "Yavic, Adnan"]
[Black "Uzuner, Tufan Can"]
[Result "1/2-1/2"]
[WhiteElo "1653"]
[BlackElo "1889"]
[Annotator "NA RC"]
[PlyCount "75"]
[EventDate "2019.01.27"]
[EventType "swiss"]
[EventCountry "TUR"]
[SourceTitle "playchess.com"]
[Source "ChessBase"]
[SourceQuality "1"]

1. e4 c6 2. d4 d5 3. exd5 cxd5 4. c4 Nf6 5. Nc3 g6 6. Qb3 Bg7 7. cxd5 O-O 8. Bc4 Nbd7 9. Nge2 Nb6 10. O-O Nxc4 11. Qxc4 b6 12. Bg5 Bb7 13. Nf4 Qd7 14. Rfe1 Rac8 15. Qb3 Rfe8 16. h3 h6 17. Bxf6 Bxf6 18. Re4 Kf8 19. Rae1 Qc7 20. Qd1 a6 21. Qg4 Bg5 22. Qf3 Bxf4 23. Rxf4 e6 24. Rfe4 Kg7 25. Re5 Red8 26. R1e3 Rd6 27. Ne4 Rxd5 28. Qf6+ Kg8 29. Rc3 Qd8 30. Rf3 Rc1+ 31. Kh2 Qc7 32. Qf4 Rxe5 33. Nf6+ Kf8 34. Qxh6+ Ke7 35. Ng8+ Ke8 36. Nf6+ Ke7 37. Ng8+ Ke8 38. Nf6+ 1/2-1/2

[Event "Turkey Cup 2019"]
[Site "Belek"]
[Date "2019.01.30"]
[Round "5.69"]
[White "Dorum, Doga Can"]
[Black "Caliskan, Seha"]
[Result "0-1"]
[WhiteElo "1595"]
[BlackElo "1917"]
[Annotator "NA RC"]
[PlyCount "72"]
[EventDate "2019.01.27"]
[EventType "swiss"]
[EventCountry "TUR"]
[SourceTitle "playchess.com"]
[Source "ChessBase"]
[SourceQuality "1"]

1. c4 Nf6 2. Nc3 e6 3. g3 d5 4. Bg2 dxc4 5. Qa4+ Nbd7 6. Qxc4 a6 7. d4 Be7 8. Nf3 b5 9. Qd3 Bb7 10. O-O O-O 11. b3 Rc8 12. Bb2 c5 13. dxc5 Bxc5 14. e3 Qb6 15. Rfd1 Rfd8 16. Qf1 Bb4 17. Ne2 Nd5 18. a3 Bc3 19. Nxc3 Nxc3 20. Bxc3 Rxc3 21. b4 Bxf3 22. Bxf3 Ne5 23. Rxd8+ Qxd8 24. Be2 g6 25. a4 Qd5 26. Qg2 Qd2 27. Qa8+ Kg7 28. Qe4 Nc6 29. axb5 axb5 30. Bxb5 Rc2 31. Qf3 Ne5 32. Qg2 Qxb4 33. Be8 Ng4 34. Qf3 Rxf2 35. Qd1 Qb7 36. Qd4+ e5 0-1

[Event "Turkey Cup 2019"]
[Site "Belek"]
[Date "2019.01.30"]
[Round "5.70"]
[White "Erdal, Kerem"]
[Black "Demir, Hilmi Mustafa"]
[Result "1/2-1/2"]
[WhiteElo "1509"]
[BlackElo "1809"]
[Annotator "NA RC"]
[PlyCount "87"]
[EventDate "2019.01.27"]
[EventType "swiss"]
[EventCountry "TUR"]
[SourceTitle "playchess.com"]
[Source "ChessBase"]
[SourceQuality "1"]

1. e4 e5 2. Nf3 Nc6 3. Nc3 Nf6 4. Bb5 Bd6 5. O-O a6 6. Bxc6 dxc6 7. h3 c5 8. d3 Be6 9. Ng5 Qe7 10. f4 O-O-O 11. f5 Bd7 12. Be3 g6 13. fxg6 fxg6 14. Nf7 Qxf7 15. Bg5 Be7 16. Nd5 Bf5 17. Nxe7+ Qxe7 18. exf5 h6 19. Bxf6 Qxf6 20. fxg6 Qxg6 21. Qf3 c4 22. dxc4 Qxc2 23. Qf5+ Qxf5 24. Rxf5 Rd2 25. Rf2 Rhd8 26. Re1 Rxf2 27. Kxf2 Re8 28. Rd1 b5 29. cxb5 axb5 30. Rd5 c6 31. Rd6 Kc7 32. Rxh6 Kb6 33. b4 Ra8 34. g4 Rxa2+ 35. Ke3 Ra3+ 36. Kf2 Rb3 37. g5 Rxb4 38. Ke3 Rb3+ 39. Kf2 Rb2+ 40. Kf3 Rb3+ 41. Kf2 Rb2+ 42. Kf3 Rb3+ 43. Kf2 Rb2+ 44. Kf3 1/2-1/2

[Event "Turkey Cup 2019"]
[Site "Belek"]
[Date "2019.01.30"]
[Round "5.71"]
[White "Baylav, Bartu"]
[Black "Yusufoglu, Ferit"]
[Result "1-0"]
[WhiteElo "1784"]
[BlackElo "1615"]
[Annotator "NA RC"]
[PlyCount "59"]
[EventDate "2019.01.27"]
[EventType "swiss"]
[EventCountry "TUR"]
[SourceTitle "playchess.com"]
[Source "ChessBase"]
[SourceQuality "1"]

1. e4 e5 2. d4 exd4 3. Qxd4 Nc6 4. Qe3 d6 5. Nc3 Nf6 6. Bd2 Be6 7. O-O-O Be7 8. h3 d5 9. exd5 Nxd5 10. Qg3 Bf6 11. Bb5 Nxc3 12. Bxc3 Qe7 13. f4 O-O 14. a3 a6 15. Bxc6 bxc6 16. Ne2 Bxc3 17. Nxc3 Rab8 18. Rhe1 Qc5 19. Re5 Qb6 20. Na4 Qb7 21. f5 Bxf5 22. Rxf5 Rbe8 23. Rg5 g6 24. Nc5 Qa7 25. Re5 Rxe5 26. Qxe5 Qa8 27. Nd7 Rd8 28. Nf6+ Kg7 29. Ng4+ Kf8 30. Re1 1-0

[Event "Turkey Cup 2019"]
[Site "Belek"]
[Date "2019.01.30"]
[Round "5.72"]
[White "Nas, Muhammed Akif Bahad"]
[Black "Nazli, Sertan"]
[Result "0-1"]
[WhiteElo "1660"]
[BlackElo "1811"]
[Annotator "NA RC"]
[PlyCount "104"]
[EventDate "2019.01.27"]
[EventType "swiss"]
[EventCountry "TUR"]
[SourceTitle "playchess.com"]
[Source "ChessBase"]
[SourceQuality "1"]

1. e4 g6 2. f4 Bg7 3. Nf3 c5 4. c3 d5 5. e5 Bg4 6. Bb5+ Nc6 7. d3 Nh6 8. O-O O-O 9. Ba4 f6 10. Qe1 fxe5 11. Bxc6 Bxf3 12. Rxf3 bxc6 13. fxe5 Rxf3 14. gxf3 Nf5 15. f4 e6 16. Qf2 c4 17. d4 Qe7 18. b4 Bh6 19. Nd2 Rf8 20. Nf3 Ng7 21. Qg3 Nh5 22. Qg4 Bxf4 23. Ng5 Qxg5 24. Qxg5 Bxg5 25. Bxg5 Rf3 26. Rc1 Kg7 27. Kg2 Rf5 28. Be3 g5 29. Rc2 Kg6 30. a4 a6 31. Rb2 Rf7 32. b5 cxb5 33. axb5 axb5 34. Rxb5 Ra7 35. Rb6 Kf5 36. Rb2 Ra3 37. Rc2 Ke4 38. Bd2 Kd3 39. Rb2 Rxc3 40. Bxc3 Kxc3 41. Rb6 Kxd4 42. Kf3 Nf4 43. Kg4 c3 44. Kxg5 Nd3 45. Rxe6 c2 46. Rc6 Nc5 47. e6 c1=Q+ 48. Kf6 Qh6+ 49. Ke7 Qg7+ 50. Kd8 Qf8+ 51. Kc7 Qe7+ 52. Kb6 Qb7+ 0-1

[Event "Turkey Cup 2019"]
[Site "Belek"]
[Date "2019.01.30"]
[Round "5.73"]
[White "Deva, Atilla"]
[Black "Usluoglu, Servet"]
[Result "1/2-1/2"]
[WhiteElo "1621"]
[BlackElo "1783"]
[Annotator "NA RC"]
[PlyCount "41"]
[EventDate "2019.01.27"]
[EventType "swiss"]
[EventCountry "TUR"]
[SourceTitle "playchess.com"]
[Source "ChessBase"]
[SourceQuality "1"]

1. d4 Nf6 2. Bf4 d6 3. Nc3 g6 4. e4 Bg7 5. Qd2 c6 6. h4 Nbd7 7. Nf3 Qc7 8. O-O-O b5 9. e5 Nh5 10. exd6 exd6 11. Re1+ Kf8 12. Qe3 Ndf6 13. Bh2 Bf5 14. Bd3 Ng4 15. Qd2 Bxd3 16. cxd3 Nxh2 17. Rxh2 Nf6 18. Kb1 a5 19. Qf4 Re8 20. Rhh1 h6 21. Rc1 1/2-1/2

[Event "Turkey Cup 2019"]
[Site "Belek"]
[Date "2019.01.30"]
[Round "5.74"]
[White "Temel, Burcu Melis"]
[Black "Eroglu, Berke"]
[Result "1/2-1/2"]
[WhiteElo "1796"]
[BlackElo "1442"]
[Annotator "NA RC"]
[PlyCount "34"]
[EventDate "2019.01.27"]
[EventType "swiss"]
[EventCountry "TUR"]
[SourceTitle "playchess.com"]
[Source "ChessBase"]
[SourceQuality "1"]

1. e4 c5 2. Nf3 g6 3. d3 Nc6 4. g3 Bg7 5. Bg2 e6 6. O-O Nge7 7. c3 O-O 8. Be3 b6 9. Qd2 d5 10. exd5 exd5 11. Bg5 Bb7 12. Na3 Re8 13. Qf4 a6 14. Nc2 Qd7 15. Bf6 Qf5 16. Qxf5 Nxf5 17. Bxg7 Kxg7 1/2-1/2

[Event "Turkey Cup 2019"]
[Site "Belek"]
[Date "2019.01.30"]
[Round "5.75"]
[White "Sar, Can"]
[Black "Kizilkus, Tanju"]
[Result "1-0"]
[WhiteElo "1812"]
[BlackElo "1585"]
[Annotator "NA RC"]
[PlyCount "21"]
[EventDate "2019.01.27"]
[EventType "swiss"]
[EventCountry "TUR"]
[SourceTitle "playchess.com"]
[Source "ChessBase"]
[SourceQuality "1"]

1. e4 e5 2. Nf3 Nc6 3. Bb5 a6 4. Ba4 Nf6 5. d4 exd4 6. O-O b5 7. Bb3 Be7 8. e5 Ne4 9. Bd5 Ng5 10. Nxg5 Bxg5 11. Qh5 1-0

[Event "Turkey Cup 2019"]
[Site "Belek"]
[Date "2019.01.30"]
[Round "5.76"]
[White "Yildirim, Kemal"]
[Black "Uysal, Ilyas"]
[Result "1/2-1/2"]
[WhiteElo "1669"]
[BlackElo "1718"]
[Annotator "NA RC"]
[PlyCount "55"]
[EventDate "2019.01.27"]
[EventType "swiss"]
[EventCountry "TUR"]
[SourceTitle "playchess.com"]
[Source "ChessBase"]
[SourceQuality "1"]

1. e4 c5 2. Nf3 Nc6 3. d4 cxd4 4. Nxd4 Nf6 5. Nc3 d6 6. Bg5 e6 7. Qd2 a6 8. f4 h6 9. Nxc6 bxc6 10. Bxf6 Qxf6 11. O-O-O d5 12. exd5 cxd5 13. Qe3 Be7 14. Be2 O-O 15. Rxd5 exd5 16. Nxd5 Qe6 17. Nxe7+ Kh8 18. Qxe6 Bxe6 19. Bf3 Ra7 20. Nc6 Rd7 21. b3 g5 22. fxg5 hxg5 23. Ne5 Rd6 24. h4 gxh4 25. Rxh4+ Kg7 26. Nc4 Rd7 27. Ne5 Rd6 28. Nc4 1/2-1/2

[Event "Turkey Cup 2019"]
[Site "Belek"]
[Date "2019.01.30"]
[Round "5.77"]
[White "Kazik, Oguz Kagan"]
[Black "Kiray, Tuncer Efe"]
[Result "0-1"]
[WhiteElo "1771"]
[BlackElo "1556"]
[Annotator "NA RC"]
[PlyCount "130"]
[EventDate "2019.01.27"]
[EventType "swiss"]
[EventCountry "TUR"]
[SourceTitle "playchess.com"]
[Source "ChessBase"]
[SourceQuality "1"]

1. d4 Nf6 2. Bg5 e6 3. e4 h6 4. Bxf6 Qxf6 5. c3 d5 6. Nd2 c5 7. Ngf3 Nc6 8. dxc5 Bxc5 9. Bd3 O-O 10. O-O Bb6 11. Qe2 Bd7 12. Rad1 Rfe8 13. e5 Qe7 14. Bc2 Bc7 15. Qd3 g6 16. Rfe1 b5 17. Nf1 Kg7 18. Ng3 Rh8 19. Qe3 b4 20. Ne2 bxc3 21. bxc3 Bb6 22. Nfd4 Rhc8 23. Bd3 Nxd4 24. cxd4 Rc7 25. Rc1 Rac8 26. Rxc7 Rxc7 27. Rb1 Qa3 28. Qf3 Qe7 29. Qg3 Ba4 30. h3 Bc2 31. Rc1 Bxd3 32. Rxc7 Qxc7 33. Qxd3 Qe7 34. Qc3 Qg5 35. Qc2 Qe7 36. Qc3 f6 37. exf6+ Qxf6 38. Qe3 g5 39. Kf1 Qf5 40. Nc1 Qc2 41. f4 Qd1+ 42. Qe1 Qxe1+ 43. Kxe1 Bxd4 44. g3 gxf4 45. gxf4 Kf6 46. Ke2 Kf5 47. Kf3 Bb6 48. Nd3 Bc7 49. Ke3 Bd6 50. Kf3 d4 51. a4 a5 52. Nf2 Bxf4 53. Nd3 e5 54. Nf2 d3 55. Ne4 d2 56. Nf2 e4+ 57. Ke2 e3 58. Nd3 Ke4 59. Nc5+ Kd4 60. Ne6+ Kc3 61. Kd1 Bd6 62. Ke2 Kc2 63. Nd4+ Kc1 64. Nb3+ Kb2 65. Nd4 Bc5 0-1

[Event "Turkey Cup 2019"]
[Site "Belek"]
[Date "2019.01.30"]
[Round "5.78"]
[White "Turan, Seyithan"]
[Black "Ozturk, Oguzhan"]
[Result "0-1"]
[WhiteElo "1746"]
[BlackElo "1528"]
[Annotator "NA RC"]
[PlyCount "105"]
[EventDate "2019.01.27"]
[EventType "swiss"]
[EventCountry "TUR"]
[SourceTitle "playchess.com"]
[Source "ChessBase"]
[SourceQuality "1"]

1. e4 d5 2. Nc3 dxe4 3. Nxe4 Nf6 4. Ng3 g6 5. Nf3 Bg7 6. d4 Bg4 7. Be2 Nbd7 8. O-O O-O 9. c4 Nb6 10. b3 Nh5 11. Nxh5 Bxh5 12. Bb2 c6 13. Rb1 Qc7 14. Qc2 Bg4 15. Rbd1 Rfd8 16. h3 Bxf3 17. Bxf3 e6 18. Rd3 Rd7 19. Rfd1 Rad8 20. Qe2 Qf4 21. g3 Qf5 22. Bg4 Qa5 23. Bc3 Qg5 24. h4 Qe7 25. Qe3 h5 26. Bh3 Kh7 27. Ba5 Qa3 28. Bxb6 axb6 29. R3d2 Bh6 30. f4 Bg7 31. Kf1 Qb4 32. Ke2 b5 33. d5 cxd5 34. cxd5 Rxd5 35. Rxd5 exd5 36. f5 d4 37. Qe4 Qc3 38. Qd3 Qc7 39. Bg2 Re8+ 40. Kf1 Re3 41. Qxb5 Qxg3 42. Qxb7 Qf4+ 43. Kg1 Qxf5 44. Rf1 Qe5 45. Qxf7 d3 46. Qf4 Qe7 47. Rd1 Bh6 48. Qd4 d2 49. Rxd2 Re1+ 50. Bf1 Be3+ 51. Kg2 Bxd4 52. Rxd4 Qf6 53. Bd3 0-1